[Event "Madrid-chT 1516"]
[Site "Madrid"]
[Date "2015.12.13"]
[Round "3.12"]
[White "Fernandez Blazquez, Diego"]
[Black "Beltran de Heredia Eguiaz, Miguel Angel"]
[Result "1/2-1/2"]
[WhiteElo "2229"]
[BlackElo "2190"]
[PlyCount "56"]
[EventDate "2015.11.22"]
[EventType "team-tourn"]
[EventRounds "14"]
[EventCountry "ESP"]
[SourceTitle "EXT 2017"]
[Source "ChessBase"]
[SourceDate "2016.10.25"]
[SourceVersion "1"]
[SourceVersionDate "2016.10.25"]
[SourceQuality "1"]
[WhiteTeam "San Fernando de Henares"]
[BlackTeam "Vallecas CDV"]
[WhiteTeamCountry "ESP"]
[BlackTeamCountry "ESP"]

1. Nf3 Nf6 2. c4 g6 3. b3 Bg7 4. Bb2 0-0 5. g3 d6 6. Bg2 e5 7. d3 Nc6 8. 0-0 h6 9. Nc3 Be6 10. e3 Qd7 11. Re1 Bh3 12. Bh1 e4 13. dxe4 Nxe4 14. Nd4 Ng5 15. Nd5 Ne5 16. f4 Bg4 17. Qc2 Nh3+ 18. Kf1 c6 19. fxe5 dxe5 20. Ne2 cxd5 21. Bxd5 Ng5 22. Ng1 e4 23. Bxg7 Bh3+ 24. Nxh3 Qxh3+ 25. Qg2 Qf5+ 26. Qf2 Qh3+ 27. Qg2 Qf5+ 28. Qf2 Qh3+ 1/2-1/2

[Event "Benasque op 35th"]
[Site "Benasque"]
[Date "2015.07.08"]
[Round "7"]
[White "Beltran de Heredia Eguiaz, Miguel Angel"]
[Black "Arribas Lopez, Angel"]
[Result "0-1"]
[WhiteElo "2146"]
[BlackElo "2546"]
[PlyCount "96"]
[EventDate "2015.07.03"]
[EventType "swiss"]
[EventRounds "10"]
[EventCountry "ESP"]
[SourceTitle "CBM 167 Extra"]
[Source "ChessBase"]
[SourceDate "2015.09.14"]
[SourceVersion "1"]
[SourceVersionDate "2015.09.14"]
[SourceQuality "1"]

1. e4 c5 2. Nf3 d6 3. d4 cxd4 4. Nxd4 Nf6 5. Nc3 a6 6. Bc4 e6 7. Bb3 Nbd7 8. Bg5 Qa5 9. Qd2 h6 10. Bxf6 Nxf6 11. 0-0-0 b5 12. e5 b4 13. Na4 Ne4 14. Qe3 d5 15. Nc6 Qc7 16. Qb6 Qxb6 17. Nxb6 Bb7 18. Na5 Ra7 19. Rhe1 Nc5 20. f4 g6 21. Kb1 Be7 22. g4 h5 23. h3 Bh4 24. Rf1 Bd8 25. Nxb7 Rxb7 26. Na4 Ne4 27. c4 bxc3 28. Nxc3 Nc5 29. Bc2 hxg4 30. hxg4 Rh4 31. f5 Rxg4 32. fxg6 fxg6 33. Rg1 Rxg1 34. Rxg1 g5 35. Rf1 Rg7 36. b4 Nd7 37. Ba4 Ke7 38. Bxd7 Kxd7 39. b5 axb5 40. Nxb5 Bb6 41. Rf3 g4 42. Rg3 Bf2 43. Rg2 g3 44. Nc3 Rh7 45. Nd1 Rh1 46. Kc2 Rg1 47. Rxg1 Bxg1 48. Kd3 g2 0-1

[Event "Madrid-chT 1112 Promociones"]
[Site "Madrid"]
[Date "2012.03.18"]
[Round "1.23"]
[White "Beltran de Heredia Eguiaz, Miguel Angel"]
[Black "Bass, Leonid"]
[Result "0-1"]
[WhiteElo "2155"]
[BlackElo "2410"]
[PlyCount "66"]
[EventDate "2012.03.18"]
[EventType "team"]
[EventRounds "2"]
[EventCountry "ESP"]
[SourceTitle "EXT 2014"]
[Source "ChessBase"]
[SourceDate "2013.11.20"]
[SourceVersion "1"]
[SourceVersionDate "2013.11.20"]
[SourceQuality "1"]
[WhiteTeam "Mostoles"]
[BlackTeam "La Casa del Ajedrez"]
[WhiteTeamCountry "ESP"]
[BlackTeamCountry "ESP"]

1. e4 c6 2. d4 d5 3. e5 Bf5 4. Nc3 e6 5. g4 Bg6 6. Nge2 c5 7. Be3 Nc6 8. h4 cxd4 9. Bxd4 h5 10. Nf4 Be4 11. f3 Bxf3 12. Qxf3 Nxd4 13. Qd3 Nc6 14. 0-0-0 Nge7 15. gxh5 Nxe5 16. Qg3 N7c6 17. Bb5 Qf6 18. Nfxd5 exd5 19. Rxd5 Rxh5 20. Re1 Bd6 21. Ne4 Qh6+ 22. Kb1 Bc7 23. Ng5 Kf8 24. Rf1 Re8 25. Nxf7 Nxf7 26. Qxc7 Qe6 27. Rd6 Qe7 28. Rd7 Qe1+ 29. Rd1 Qe7 30. Rd7 Qe1+ 31. Rd1 Qe6 32. Rd6 Re7 33. Bxc6 Qe1+ 0-1

[Event "ESP-ch U18"]
[Site "Padron"]
[Date "2011.07.31"]
[Round "9"]
[White "Beltran de Heredia Eguiaz, Miguel Angel"]
[Black "Jimenez Almeida, Luis David"]
[Result "1-0"]
[WhiteElo "2127"]
[BlackElo "1998"]
[PlyCount "109"]
[EventDate "2011.07.25"]
[EventType "tourn"]
[EventRounds "9"]
[EventCountry "ESP"]
[SourceTitle "EXT 2012"]
[Source "ChessBase"]
[SourceDate "2011.11.24"]
[SourceVersion "1"]
[SourceVersionDate "2011.11.24"]
[SourceQuality "1"]

1. e4 c5 2. Nf3 Nc6 3. d4 cxd4 4. Nxd4 Nf6 5. Nc3 d6 6. Bg5 e6 7. Qd2 a6 8. 0-0-0 h6 9. Nxc6 bxc6 10. Bf4 d5 11. Qe3 Qa5 12. Be2 Bb7 13. Qg3 0-0-0 14. exd5 cxd5 15. Bf3 Bb4 16. Rd3 Ne8 17. a3 Be7 18. h4 Rg8 19. h5 Nd6 20. Rhd1 Nc4 21. Na2 g5 22. hxg6 Rxg6 23. Qh3 Bf6 24. Rb3 Bxb2+ 25. Kb1 Be5 26. Bc1 Bc6 27. Bh5 Rf6 28. Bxf7 Ba4 29. Bxe6+ Kc7 30. Qh5 Bxb3 31. cxb3 Qb6 32. Nb4 Rxe6 33. Rxd5 a5 34. Qf7+ Kc8 35. bxc4 axb4 36. Be3 Rf6 37. Bxb6 Rxf7 38. Bxd8 Bc3 39. Ba5 Rxf2 40. Bxb4 Bxb4 41. axb4 Rxg2 42. Rh5 Rg4 43. Rc5+ Kb7 44. Kc2 Rh4 45. Kb3 Rh1 46. Rf5 h5 47. Ka4 h4 48. Kb5 h3 49. Rf7+ Kb8 50. Rh7 h2 51. c5 Kc8 52. c6 Kd8 53. c7+ Kc8 54. Kb6 Rc1 55. Rxh2 1-0